Aasian monarkiat - Statistics

Yleistilastot
  • Tätä visaa on pelattu 452 kertaa
  • Keskiarvotulos 10 / 13
Vastaustilastot
Valtio % Oikein
Thaimaa
90%
Saudi-Arabia
89%
Bhutan
83%
Japani
83%
Oman
81%
Brunei
80%
Bahrain
78%
Yhdistyneet arabiemiraatit
77%
Qatar
76%
Kuwait
73%
Jordania
72%
Malesia
71%
Kambodža
64%
Ehtoja vastaavia visoja ei löytynyt
Tulosjakauma
Jokaisen tuloksen saaneiden osuus
Persentiili vastausten määrän mukaan
Tuloshistoriasi
Et ole pelannut tätä visaa